| 000 | 00852nam a2200193 i 4500 | ||
|---|---|---|---|
| 001 | 64223 | ||
| 003 | ES-MaACL | ||
| 005 | 20251123063304.0 | ||
| 007 | t| | ||
| 008 | 031222s1962 sp ||||1| spa d | ||
| 100 | 0 |
_aFlorencio del Niño Jesús, _c(O.C.D.) _951243 |
|
| 245 | 1 | 4 |
_aLos complutenses _b: su vida y su obra (Proceso histórico en torno a un problema obscuro de la Cosmología. La divisibilidad e indivisibilidad de la sustancia material antecedente a la Cantidad)(Tesis doctoral...) / _cFlorencio del Niño Jesús. |
| 260 |
_aMadrid : _bEspiritualidad, _c[1962] ( _fMenor) |
||
| 300 |
_a240 p., 1 h. ; _c21 cm. |
||
| 500 | _aPontificia Universidad de Salamanca. Facultad de Filosofía. | ||
| 710 | 2 |
_aUniversidad de Salamanca. _bFacultad de Filosofía. _97284 |
|
| 852 |
_aES-MaACL _jC-23491 _bR.50942 |
||
| 999 |
_c64223 _d64223 |
||